La Historiografía del Africa Austral : (Record no. 131984)
[ view plain ]
| 000 -CABECERA | |
|---|---|
| campo de control de longitud fija | 00704nam a2200193 a 4500 |
| 005 - FECHA Y HORA DE LA ÚLTIMA TRANSACCIÓN | |
| campo de control | 20210219160149.0 |
| 008 - ELEMENTOS DE LONGITUD FIJA--INFORMACIÓN GENERAL | |
| campo de control de longitud fija | 080919s1983 mx r 000 0 spa d |
| 020 ## - NÚMERO INTERNACIONAL NORMALIZADO PARA LIBROS | |
| Número Internacional Estándar del Libro | 9233017753 |
| 035 ## - NÚMERO DE CONTROL DEL SISTEMA | |
| Número de control de sistema | UPN01000159870 |
| 049 ## - COLECCIÓN | |
| Colección | UNE |
| 080 ## - NÚMERO DE CLASIFICACIÓN DECIMAL UNIVERSAL | |
| Número de la Clasificación Decimal Universal | 930.2 (68) HIS |
| 245 03 - MENCIÓN DE TÍTULO | |
| Título | La Historiografía del Africa Austral : |
| Resto del título | documentos de trabajo e informe de la reunión de expertos, celebrada en Gaborone, Botswana, del 7 al 11 de marzo de 1977 / |
| Mención de responsabilidad, etc. | L. D. Ngcongco...(et al.); tr. María Isabel Carreras. |
| 260 ## - PUBLICACIÓN, DISTRIBUCIÓN, ETC. | |
| Lugar de publicación, distribución, etc. | París : |
| Nombre del editor, distribuidor, etc. | UNESCO; |
| Lugar de publicación, distribución, etc. | Barcelona, |
| Nombre del editor, distribuidor, etc. | Serbal, |
| Fecha de publicación, distribución, etc. | 1983. |
| 300 ## - DESCRIPCIÓN FÍSICA | |
| Extensión | 128 p. |
| 690 ## - PUNTO DE ACCESO ADICIONAL DE MATERIA LOCAL--TÉRMINO DE MATERIA (OCLC, RLIN) | |
| Término de materia o nombre geográfico como elemento inicial | Historiografia- Africa- Reunion |
| 700 1# - ASIENTO SECUNDARIO--NOMBRE DE PERSONAL | |
| Nombre de persona | Ngcongco, L. D.. coaut |
| 700 2# - ASIENTO SECUNDARIO--NOMBRE DE PERSONAL | |
| Nombre de persona | CUNESCO |
| 905 ## - TIPO DE MATERIAL | |
| Tipo de material | UNESCO |
| Estado de retiro | Estado de pérdida | Fuente del sistema de clasificación o colocación | Estado dañado | No para préstamo | Código de colección | Localización permanente | Ubicación/localización actual | Ubicación en estantería | Fecha de adquisición | Clasificación | Código de barras | Fecha visto por última vez | Número de copia | Tipo de ítem Koha |
|---|---|---|---|---|---|---|---|---|---|---|---|---|---|---|
| Library of Congress Classification | Disponible (Préstamo en sala) | UNESCO | Bib. Gregorio Torres Quintero | Bib. Gregorio Torres Quintero | Colecciones especiales Planta alta | 03/02/2023 | 930.2 (68) HIS | U9997 | 31/12/2020 | 1 | Libro |
